书目信息 |
| 题名: |
中老年保健食品集锦
|
|
| 作者: | 祁澜 主编 | |
| 分册: | ||
| 出版信息: | 北京 经济日报出版社 1997 |
|
| 页数: | 20,220页 | |
| 开本: | 19cm | |
| 丛书名: | ||
| 单 册: | ||
| 中图分类: | R247.1 | |
| 科图分类: | 62.193 | |
| 主题词: | 中年人-保健-食谱 , 保健-中年人-食谱 , 食谱-保健-中年人 , 老年人-保健-食谱 , 保健-老年人-食谱 , 食谱-保健-老年人 | |
| 电子资源: | ||
| ISBN: | 7-80127-357-5 | |
| 000 | 00872nam0 2200313 45 | |
| 001 | 0198019778 | |
| 005 | 20090908084751.13 | |
| 009 | 0198019778 | |
| 010 | @a7-80127-357-5@dCNY10.00 | |
| 100 | @a19980327d1997 em y0chiy0121 ea | |
| 101 | 0 | @achi |
| 102 | @aCN@b110000 | |
| 105 | @ay z 000yy | |
| 200 | 10 | @a中老年保健食品集锦@Azhong lao nian bao jian shi pin ji jin@e汤羹茶饮类@f祁澜主编 |
| 210 | @a北京@c经济日报出版社@d1997 | |
| 215 | @a20,220页@d19cm | |
| 517 | 1 | @a汤羹茶饮类@Atang geng cha yin lei |
| 606 | @a中年人-保健-食谱 | |
| 606 | @a保健-中年人-食谱 | |
| 606 | @a食谱-保健-中年人 | |
| 606 | @a老年人-保健-食谱 | |
| 606 | @a保健-老年人-食谱 | |
| 606 | @a食谱-保健-老年人 | |
| 690 | @aR247.1@v3 | |
| 692 | @a62.193@v2 | |
| 701 | 0 | @a祁澜@Aqi lan@4主编 |
| 801 | 0 | @aCN@bNLC@c20090908 |
| 905 | @aBZT@dR247.1@e185 | |
| 906 | @d¥10@n0@r1 | |
| 中老年保健食品集锦:汤羹茶饮类/祁澜主编.-北京:经济日报出版社,1997 |
| 20,220页;19cm |
| ISBN 7-80127-357-5:CNY10.00 |
| ● |
| 相关链接 |
|
|
|
正题名:中老年保健食品集锦
索取号:R247.1/185
 
预约/预借
| 序号 | 登录号 | 条形码 | 馆藏地/架位号 | 状态 | 备注 |
| 1 | 399516 | 210274442 | 中心书库中库/ 中库003架B面7列2层25/ [索取号:R247.1/185] | 在馆 | |
| 2 | 399517 | 210274415 | 中心书库中库/ 中库003架B面7列1层74/ [索取号:R247.1/185] | 在馆 | |
| 3 | 399518 | 210274424 | 中心书库中库/ 中库003架B面7列2层21/ [索取号:R247.1/185] | 在馆 | |
| 4 | 399519 | 210274399 | 中心书库中库/ 中库003架B面7列2层24/ [索取号:R247.1/185] | 在馆 | |
| 5 | 399520 | 210274406 | 中心书库中库/ 中库003架B面7列2层26/ [索取号:R247.1/185] | 在馆 | |
| 6 | 399521 | 210274371 | 中心书库中库/ 中库003架B面7列2层22/ [索取号:R247.1/185] | 在馆 | |
| 7 | 399522 | 210274380 | 中心书库中库/ 中库003架B面7列2层20/ [索取号:R247.1/185] | 在馆 | |
| 8 | 399523 | 210274353 | 中心书库中库/ 中库003架B面7列2层23/ [索取号:R247.1/185] | 在馆 | |
| 9 | 399524 | 210274362 | 中心书库中库/ 中库003架B面7列2层27/ [索取号:R247.1/185] | 在馆 | |
| 10 | 399525 | 210275771 | 中心书库中库/ 中库003架B面7列2层28/ [索取号:R247.1/185] | 在馆 |